タイトル獲得経験のある現役選手(2026) - Statistics

General Stats
  • This quiz has been taken 77 times
    69 since last reset
  • The average score is 78 of 90
Answer Stats
現所属 初タイトル 選手名 % Correct
DeNA 最多勝利・最高勝率(2023) 東克樹
100%
巨人 最優秀防御率・最多勝利・最高勝率(2011) 田中将大
100%
阪神 盗塁王(2019) 近本光司
98%
阪神 盗塁王(2021) 中野拓夢
98%
阪神 最多セーブ(2023) 岩崎優
98%
阪神 本塁打王・打点王(2025) 佐藤輝明
98%
DeNA 本塁打王・打点王(2016) 筒香嘉智
98%
巨人 最多安打(2012) 坂本勇人
98%
阪神 最優秀防御率(2023) 村上頌樹
96%
DeNA 打点王・最多安打(2023) 牧秀悟
96%
巨人 最優秀中継ぎ(2025) 大勢
96%
中日 最優秀防御率・最多奪三振(2021) 柳裕也
96%
広島 首位打者・最高出塁率(2025) 小園海斗
96%
DeNA 最多セーブ(2018) 山﨑康晃
93%
巨人 最多奪三振(2014) 則本昂大
93%
巨人 最多奪三振(2022) 戸郷翔征
93%
巨人 最多セーブ(2022) マルティネス
93%
巨人 首位打者(2022) 松本剛
93%
広島 最多安打(2015) 秋山翔吾
93%
ソフトバンク 最多安打(2014) 中村晃
93%
ソフトバンク 首位打者・最高出塁率(2015) 柳田悠岐
93%
ソフトバンク 本塁打王(2018) 山川穂高
93%
ソフトバンク 盗塁王(2020) 周東佑京
93%
ソフトバンク 最優秀中継ぎ(2025) 松本裕樹
93%
西武 本塁打王(2008) 中村剛也
93%
ロッテ 本塁打王(2018) ソト
93%
阪神 最高出塁率(2023) 大山悠輔
91%
阪神 最優秀防御率(2025) 才木浩人
91%
DeNA 首位打者(2017) 宮﨑敏郎
91%
DeNA 首位打者(2020) 佐野恵太
91%
中日 盗塁王(2012) 大島洋平
91%
中日 最優秀防御率(2019) 大野雄大
91%
中日 最多安打(2022) 岡林勇希
91%
中日 最優秀防御率(2024) 髙橋宏斗
91%
ヤクルト 最多安打(2014) 山田哲人
91%
ソフトバンク 首位打者(2025) 牧原大成
91%
日本ハム 本塁打王・打点王(2025) レイエス
91%
西武 最多安打(2008) 栗山巧
91%
ロッテ 最多セーブ(2013) 益田直也
91%
ロッテ 本塁打王(2023) ポランコ
91%
巨人 盗塁王(2013) 丸佳浩
89%
中日 最多勝利(2007) 涌井秀章
89%
広島 最多安打(2016) 菊池涼介
89%
広島 最多勝利・最高勝率(2018) 大瀬良大地
89%
ヤクルト 最優秀防御率(2008) 石川雅規
89%
ヤクルト 最多安打(2024) 長岡秀樹
89%
ソフトバンク 最高出塁率(2019) 近藤健介
89%
ソフトバンク 最多セーブ(2025) 杉山一樹
89%
日本ハム 盗塁王(2014) 西川遥輝
89%
日本ハム 最多勝利(2019) 有原航平
89%
日本ハム 最多勝利・最高勝率(2024) 伊藤大海
89%
楽天 打点王(2013) 浅村栄斗
89%
ロッテ 最多勝利・最高勝率(2020) 石川柊太
89%
ヤクルト 最多勝利・最高勝率(2013) 小川泰弘
87%
ソフトバンク 最高勝率(2025) 大関友久
87%
オリックス 首位打者(2019) 森友哉
87%
オリックス 本塁打王(2021) 杉本裕太郎
87%
楽天 盗塁王(2023) 小深田大翔
87%
DeNA 首位打者・最多安打(2018) ビシエド
84%
中日 最優秀中継ぎ(2024) 松山晋也
84%
ソフトバンク 最高出塁率(2025) 柳町達
84%
楽天 最優秀防御率・最多勝利・最多奪三振(2010) 前田健太
84%
ロッテ 首位打者(2012) 角中勝也
84%
阪神 最多セーブ(2017) ドリス
82%
阪神 最優秀中継ぎ(2022) 湯浅京己
82%
ヤクルト 最高出塁率(2024) サンタナ
82%
ソフトバンク 最優秀中継ぎ(2020) モイネロ
82%
日本ハム 最優秀中継ぎ(2016) 宮西尚生
82%
オリックス 最優秀中継ぎ(2011) 平野佳寿
82%
楽天 最優秀防御率(2018) 岸孝之
82%
西武 盗塁王(2021) 源田壮亮
82%
ヤクルト 最優秀中継ぎ(2020) 清水昇
80%
ソフトバンク 最多勝利(2017) 東浜巨
80%
日本ハム 盗塁王(2015) 中島卓也
80%
楽天 最多安打(2024) 辰己涼介
80%
DeNA 最多奪三振(2015) 藤浪晋太郎
78%
オリックス 最高勝率(2019) 山岡泰輔
78%
楽天 最多安打(2025) 村林一輝
78%
ロッテ 盗塁王(2021) 和田康士朗
78%
ロッテ 盗塁王(2022) 髙部瑛斗
78%
阪神 最優秀中継ぎ(2024) 桐敷拓馬
76%
広島 最優秀中継ぎ(2023) 島内颯太郎
73%
西武 最優秀中継ぎ(2022) 平良海馬
73%
オリックス 最多勝利(2021) 九里亜蓮
71%
中日 最優秀中継ぎ(2020) 福敬登
64%
ヤクルト 最多勝利・最高勝率(2022) 青柳晃洋
64%
日本ハム 最優秀中継ぎ(2024) 河野竜生
56%
日本ハム 最優秀中継ぎ(2021) 堀瑞輝
53%
オリックス 最優秀中継ぎ(2017) 岩嵜翔
47%
オリックス 最優秀中継ぎ(2023) ペルドモ
44%
No matching quizzes found
Score Distribution
Percent of People with Each Score
Percentile by Number Answered
Your Score History
You have not taken this quiz since the last reset